Les Républiques Hispano Américaines. Ouvrage illustré de 151 gravures et de 8 cartes
Guardat en:
| Autor principal: | |
|---|---|
| Format: | Llibre |
| Idioma: | francès |
| Publicat: |
París
A la Librairie Illustré
1891
|
| Edició: | 1a. ed |
| Matèries: | |
| Etiquetes: |
Afegir etiqueta
Sense etiquetes, Sigues el primer a etiquetar aquest registre!
|
MARC
| LEADER | 00000nam a2200000 a 4500 | ||
|---|---|---|---|
| 001 | UCJ5928 | ||
| 003 | CL-VaPUC | ||
| 008 | 070124e18910912FR |||||||||||||||||fre|d | ||
| 082 | 0 | 4 | |a 910.4 |b CHI |2 21 |
| 100 | |a Child, Theodore |e author |9 510981 | ||
| 245 | 1 | 4 | |a Les Républiques Hispano Américaines. Ouvrage illustré de 151 gravures et de 8 cartes |
| 250 | |a 1a. ed | ||
| 300 | |a 480 p | ||
| 942 | |c BK | ||
| 945 | |d 20070124 00:00:00 |a rinostro | ||
| 260 | |a París |b A la Librairie Illustré |c 1891 | ||
| 500 | |a Ilustraciones conforme a lo señalado en el índice. Existe versión original en inglés | ||
| 600 | 0 | 7 | |a PRAT, ARTURO |2 CL-VaPUC |9 504328 |
| 600 | 0 | 7 | |a PALACIO COUSIÑO |2 CL-VaPUC |9 510982 |
| 600 | 0 | 7 | |a ESTACION CENTRAL |2 CL-VaPUC |9 510983 |
| 600 | 0 | 7 | |a CERRO SANTA LUCIA |2 CL-VaPUC |9 463291 |
| 600 | 0 | 7 | |a PARQUE DE LOTA |2 CL-VaPUC |9 510984 |
| 650 | 0 | |a Viajes |9 257115 | |
| 650 | 0 | |a Geografía |9 259346 | |
| 650 | 0 | |a Recursos naturales |9 255232 | |
| 650 | 0 | |a Población |9 257577 | |
| 650 | 0 | |a Aborígenes |9 329972 | |
| 650 | 0 | |a Cultura |9 269059 | |
| 650 | 7 | |a TIPOS HUMANOS |2 CL-VaPUC |9 504574 | |
| 650 | 7 | |a GAUCHOS |2 CL-VaPUC |9 317962 | |
| 650 | 7 | |a HUASOS |2 CL-VaPUC |9 511910 | |
| 650 | 7 | |a CHOLOS |2 CL-VaPUC |9 506521 | |
| 650 | 7 | |a SERRANOS |2 CL-VaPUC |9 511911 | |
| 650 | 7 | |a TRADICIONES |2 CL-VaPUC |9 367367 | |
| 650 | 7 | |a DEVOCIONES |2 CL-VaPUC |9 504541 | |
| 650 | 0 | |a Iglesia Católica |9 256114 | |
| 650 | 7 | |a INSTITUCIONES |2 CL-VaPUC |9 329701 | |
| 650 | 0 | |a Gobierno |9 255508 | |
| 650 | 0 | |a Economía |9 255568 | |
| 650 | 7 | |a TRANSPORTE |2 CL-VaPUC |9 256365 | |
| 650 | 7 | |a SALITRERAS |2 CL-VaPUC |9 375452 | |
| 650 | 0 | |a Ciudades |9 265474 | |
| 650 | 7 | |a CALLES Y PASEOS |2 CL-VaPUC |9 329702 | |
| 650 | 0 | |a Monumentos |9 265246 | |
| 650 | 0 | |a Ilustraciones |9 369481 | |
| 650 | 0 | |a Grabados |9 310822 | |
| 650 | 7 | |a MARCA TIPOGRAFICA |2 CL-VaPUC |9 506100 | |
| 650 | 0 | |a Mapas |9 260844 | |
| 651 | 0 | |a Argentina |9 254888 | |
| 651 | 7 | |a CHILE |2 CL-VaPUC |9 511912 | |
| 651 | 0 | |a Santiago |9 265444 | |
| 651 | 7 | |a IQUIQUE |2 CL-VaPUC |9 357757 | |
| 651 | 0 | |a Uruguay |9 255194 | |
| 651 | 0 | |a Valparaíso, Chile |9 261144 | |
| 583 | |a last modification |c 20070124 00:00:00 |k Rodrigo Vera | ||
| 999 | |c 322036 |d 322034 | ||
| 952 | |0 0 |1 0 |4 0 |6 910_400000000000000_CHI_1891 |7 0 |8 X |9 400945 |a FDOBUD |b FDOBUD |d 2019-11-22 |i 1041614 |o 910.4 CHI 1891 |p 1041614 |r 2019-11-22 |w 2019-11-22 |y BK_X |k BUD | ||